000 01776nam a2200277Ia 4500
999 _c51655
_d51655
001 18646
003 GE_BSU
005 20220920165301.0
008 181216s2008||||ge |||||||||||||| ||geo||
040 _cGE_BSU
041 _ageo
080 _a33 მ-58
100 _aმესხიძე, ია
_910557
245 _aფერმერული მეურნეობის განვითარებისა და ორგანიზაციის საკითხები : დისერტაცია /
_cია მესხიძე; სამეცნიერო ხელმძღვანელი რ. მანველიძე; ბათუმის შოთა რუსთაველის სახელმწიფო უნივერსიტეტი.
264 _aბათუმი,
_b
_c2008.
300 _a185 გვ.;
_bცხრ..
_c30 სმ.
504 _aბიბლიოგრ.: გვ. 153-157
653 _aდისერტაცია
653 _aეკონომიკა
653 _aფერმერული მეურნეობის განვითარებისა და ორგანიზაციის საკითხები.
653 _aფერმერული მეურნეობები საქართველოში
653 _aსაქართველოს სოფლის მეურნეობის ეკონომიკა
700 _aმანველიძე, რ.
_eსამეცნიერო ხელმძღვანელი
_910484
710 _aბათუმის შოთა რუსთაველის სახელმწიფო უნივერსიტეტი.
_910558
942 _cBK
_2udc